000 01059nam a2200229Ia 4500
003 Ost
005 20260416102352.0
008 260416s9999||||xx |||||||||||||| ||und||
040 _cfsecg
041 _aara
082 _a658.403
100 _aبن قوية، مختار
_eمؤلف
245 0 _a نظرية القرار /
_c مختار بن قوية
260 _aالجزائر
_bجامعة الجزائر3: كلية العلوم الإقتصادية، العلوم التجارية وعلوم التسيير
_c2017
300 _a57 ورقة
_bايضاحات
_c30 سم
504 _aمراجع ص.57
520 _aعموميات حول اتخاذ القرار، نماذج اختيار القرار، مصفوقة اتخاذ القرار في حالة المخاطرة، شجرة القرار
653 _aاتخاذ القرارات
653 _aالمصفوقات
710 _aجامعة الجزائر3: كلية العلوم الإقتصادية، العلوم التجارية وعلوم التسيير
_eناشر علمي
942 _cHANDOUT
999 _c41031
_d41031